000 00555nam a2200181 i 4500
001 79168
003 ES-MaACL
005 20240105062953.0
007 t|
008 041020s1971 sp ||||1| spa d
100 2 _aHernández Girbal, F.,
_d1902-2002
_962946
245 1 0 _aAmadeo Vives
_b: el músico y el hombre /
_cF. Hernández Girbal.
260 _aMadrid :
_bLira,
_c1971.
300 _a404 p., 23 lám. ;
_c22 cm.
600 1 4 _aVives, Amadeo,
_d1871-1932
_9115566
852 _aES-MaACL
_jC-40933
_bR.80046
999 _c79168
_d79168